Disaggregation effect of Acridines

Bibliographic Details
Main Authors: Bellová, A. (Author), Imrich, Ján, 1951- (Author), Antalík, Marián, 1952- (Author), Kristian, Pavol, 1930-2021 (Author), Daxnerová, Z. (Author), Gažová, Zuzana, 1961- (Author)
Format: Article
Language:English
ISBN:9788070976937

MARC

LEADER 00000naa a2200000uu 4500
001 vtls011057059
003 SK-MaSNL
005 20260302135053.0
008 210910|2007 xo |||||||||||||||||eng|
015 |a SNBRA 
035 |a (urnnbn)urn:nbn:sk:snk:ar-a0bzis 
035 |a (uuid)9a51805a-06d6-4843-853e-0d8754bf92ab 
035 |a urn:nbn:sk:snk-aav64n 
040 |a SNKBUCL  |b slo  |c SNKBUCL  |e AACR2 
041 0 |a eng 
044 |a xo  |c SK 
100 1 |a Bellová, A.  |4 aut  |9 806407 
245 1 0 |a Disaggregation effect of Acridines  |c A. BELLOVÁ, J. IMRICH, M. ANTALÍK, P. KRISTIAN, Z. DAXNEROVÁ, Z. GAŽOVÁ 
700 1 |a Imrich, Ján,  |d 1951-  |4 aut  |9 201457 
700 1 |a Antalík, Marián,  |d 1952-  |4 aut  |9 39694 
700 1 |a Kristian, Pavol,  |d 1930-2021  |4 aut  |9 223871 
700 1 |a Daxnerová, Z.  |4 aut  |9 779702 
700 1 |a Gažová, Zuzana,  |d 1961-  |4 aut  |9 201367 
773 0 |t Structure and Stability of Biomacromolecules SSB 2007  |d Košice : P. J. Šafárik University Publishing House, 2007  |g S. 109-110  |z 9788070976937 
958 |a OND 
958 |a article12 
958 |a chapter 
999 |c 1325762  |d 1327692